01512nam a2200337 a 4500001001000000003000500010005001700015008004100032010001100073011001100084040000900095090001000104100003700114245019600151260004100347500006000388502011400448590004100562590004000603590004000643650002600683650004400709650003300753856007000786901000700856942001000863942000600873999001900879952014000898952013601038000111273CHAP20220329144205.0150126s2014 mx a fsm |||||||spa d a107735 a108707 cCHAP aTesis1 aToro Pérez, Santos del912911310aInducción del estro con media dosis de PGF2a (12.5mg.) aplicada en el vestíbulo de la vulva en vacas Holstein - Friesian de la Comarca Lagunerah[En línea]cpor Santos del Toro Pérez. aBermejillo, Dgo. :bEl autor,c2014. aPara ver el contenido del material haga clic en la liga aTesis (Ing. en Sistemas Pecuarios de Zonas Áridas) -- UACH. Unidad Regional Universitaria de Zonas Áridas aE11695DGDb10c20150128lUCH01h1454 aE6096MTMb05c20150126lUCH01h1123 aE6096MTMb05c20150126lUCH01h112414aCiclo estrual.92307214aGanado vacunoxComarca Lagunera.94544614aGanado vacunoxRazas.945509 aFinding aiduhttp://10.13.5.2/tesis/sist111273.pdfzTeclea aquí aBK cTESIS n0 c107735d107735 00102local4053708TESISaBCbBCcPA_TESISd2015-01-26fTESISl0oTesisp33724002441876r2019-12-31 00:00:00tc.2w2019-12-31yTESIS 00104054718TESISaBCbBCd2015-01-26fTESISl0oTesisp33724002441918r2019-12-31 00:00:00w2019-12-31yTESISzRecien adquirido